000 00320nam a22001337a 4500
008 171016b xxu||||| |||| 00| 0 eng d
020 _a9780199339341
041 _aeng
080 _212TH
_a33
100 _a52
101 _aEKO
245 _aSTUDY GUIDE FOR ENGINEERING ECONOMIC ANALYSIS
_cNEWNAN,D.G
942 _2udc
_cBK
999 _c34061
_d34061